UM Logo

Biographical research methods / (Record no. 17692)

MARC details
000 -LEADER
fixed length control field 00605nam a22001697a 4500
008 - FIXED-LENGTH DATA ELEMENTS--GENERAL INFORMATION
fixed length control field 221212b ||||| |||| 00| 0 eng d
020 ## - INTERNATIONAL STANDARD BOOK NUMBER
International Standard Book Number 9781529730869
082 ## - DEWEY DECIMAL CLASSIFICATION NUMBER
Edition number 2022
Classification number DC 300.722
Item number Ei24
100 ## - MAIN ENTRY--PERSONAL NAME
Personal name Eichsteller, Marta J.
9 (RLIN) 46960
245 ## - TITLE STATEMENT
Title Biographical research methods /
Statement of responsibility, etc. Marta J. Eichsteller and Howard Davis.
260 ## - PUBLICATION, DISTRIBUTION, ETC. (IMPRINT)
Place of publication, distribution, etc. Los Angeles :
Name of publisher, distributor, etc. Sage,
Date of publication, distribution, etc. ©2022.
300 ## - PHYSICAL DESCRIPTION
Extent x, 217 ;
Dimensions 24 cm.
500 ## - GENERAL NOTE
General note Includes appendices, bibliographical references and index.<br/>
650 ## - SUBJECT ADDED ENTRY--TOPICAL TERM
Topical term or geographic name as entry element Social sciences
General subdivision Biographical methods.
9 (RLIN) 46961
700 ## - ADDED ENTRY--PERSONAL NAME
Personal name Davis, Howard,
Relator term author.
9 (RLIN) 46962
942 ## - ADDED ENTRY ELEMENTS (KOHA)
Source of classification or shelving scheme Dewey Decimal Classification
Koha item type Circulation
Holdings
Withdrawn status Lost status Source of classification or shelving scheme Damaged status Not for loan Collection code Home library Current library Date acquired Source of acquisition Cost, normal purchase price Total Checkouts Full call number Barcode Date last seen Copy number Price effective from Koha item type
    Dewey Decimal Classification     Circulation UM Digos College - LIC UM Digos College - LIC 08/16/2022 Purchased 3780.00   DC 300.722 Ei24 2022 26821 05/15/2025 1 12/12/2022 Circulation